Study of family welfare services in the Paderu Tribal Areas of Andhra Pradesh (Record no. 21166)
[ view plain ]
| 000 -LEADER | |
|---|---|
| fixed length control field | 00535nam a2200157Ia 4500 |
| 082 ## - DEWEY DECIMAL CLASSIFICATION NUMBER | |
| Classification number | RE.0014 |
| 100 ## - MAIN ENTRY--AUTHOR NAME | |
| Personal name | Eswaraiah, G. |
| 245 #0 - TITLE STATEMENT | |
| Title | Study of family welfare services in the Paderu Tribal Areas of Andhra Pradesh |
| Sub Title | : |
| 260 ## - PUBLICATION, DISTRIBUTION, ETC. (IMPRINT) | |
| Year of publication | 1997 |
| Name of publisher | ICSSR, New Delhi |
| 300 ## - PHYSICAL DESCRIPTION | |
| Number of Pages | 125p. |
| 650 ## - SUBJECT ADDED ENTRY--TOPICAL TERM | |
| Topical Term | PADERU TRIBALS - ANDHRA PRADESH |
| 650 ## - SUBJECT ADDED ENTRY--TOPICAL TERM | |
| Topical Term | TRIBAL DEVELOPMENT - ANDHRA PRADESH - VISAKHAPATNAM DISTRICT |
| 650 ## - SUBJECT ADDED ENTRY--TOPICAL TERM | |
| Topical Term | TRIBAL FAMILY - ANDHRA PRADESH - VISHAKHAPATNAM DISTRICT |
| 710 ## - ADDED ENTRY--CORPORATE NAME | |
| Corporate name or jurisdiction name as entry element | Centre for Social Development |
| 942 ## - ADDED ENTRY ELEMENTS (KOHA) | |
| Koha item type | Research Reports |
| Source of classification or shelving scheme | Dewey Decimal Classification |
| Withdrawn status | Lost status | Damaged status | Not for loan | Home library | Current library | Date acquired | Bill Date | Full call number | Accession Number | Price effective from | Koha item type | Collection code |
|---|---|---|---|---|---|---|---|---|---|---|---|---|
| NASSDOC Library | NASSDOC Library | 08/10/2004 | 2004-10-05 | RE.0014 | 37036 | 18/04/2019 | Books | |||||
| Not For Loan | NASSDOC Library | NASSDOC Library | 08/10/2004 | 2004-10-05 | RE.0014 | 37037 | 18/04/2019 | Research Reports | Minor Research project Reports |
